| 000 | 00469pab a2200181 454500 | ||
|---|---|---|---|
| 008 | 180718b2004 xxu||||| |||| 00| 0 eng d | ||
| 100 | _aKohli, A.S. | ||
| 245 | _aUniversity and society: exploring ways for better collaboration | ||
| 260 | _c2004 | ||
| 300 | _ap.71-74. | ||
| 362 | _a15 Nov | ||
| 650 | _aSocial systems | ||
| 650 | _aUniversities | ||
| 650 | _aEducational sociology | ||
| 700 | _aRahman, Hebeebul | ||
| 773 | _aUniversity News | ||
| 909 | _a63210 | ||
| 999 |
_c63210 _d63210 |
||